| 000 | 00636nam a22002537a 4500 | ||
|---|---|---|---|
| 005 | 20231213102045.0 | ||
| 008 | 171122b2010 xxu||||| |||| 00| 0 spa d | ||
| 020 | _a9789972209765 | ||
| 041 | _aESP | ||
| 082 | _a646.727 A786a | ||
| 245 | _aEl arte de las uñas: manicure y pedicure | ||
| 260 | _aEspaña | ||
| 260 | _bLexus | ||
| 260 | _c2010 | ||
| 300 | _a199 páginas | ||
| 505 | _aContiene DVD N°427 | ||
| 650 | _aCUIDADO DE LAS UÑAS | ||
| 650 | _aMANICURE | ||
| 650 | _aDECORACIÓN DE UÑAS | ||
| 650 | _aPEDICURE DE MUJERES | ||
| 650 | _aMANICURE DE HOMBRES | ||
| 650 | _aPEDICURE DE HOMBRES | ||
| 942 |
_cBK _2ddc |
||
| 999 |
_c9975 _d9975 |
||